Derivative instruments (Record no. 102225)
[ view plain ]
| 000 -LEADER | |
|---|---|
| fixed length control field | 01130cam a2200301 4500 |
| 008 - FIXED-LENGTH DATA ELEMENTS--GENERAL INFORMATION | |
| fixed length control field | 020722n2002 000 0 eng u |
| 020 ## - INTERNATIONAL STANDARD BOOK NUMBER | |
| International Standard Book Number | 0750654198 |
| 035 ## - SYSTEM CONTROL NUMBER | |
| System control number | (Sirsi) u118967 |
| 041 ## - LANGUAGE CODE | |
| Language code of text/sound track or separate title | eng |
| 050 ## - LIBRARY OF CONGRESS CALL NUMBER | |
| Classification number | 657.76 |
| -- | 18 |
| 100 ## - MAIN ENTRY--PERSONAL NAME | |
| Personal name | Eales, Brian A. |
| 245 ## - TITLE STATEMENT | |
| Title | Derivative instruments |
| Remainder of title | a guide to theory and practice |
| 260 ## - PUBLICATION, DISTRIBUTION, ETC. | |
| Place of publication, distribution, etc. | Oxford |
| Name of publisher, distributor, etc. | Butterworth-Heinemann |
| Date of publication, distribution, etc. | 2002 |
| 300 ## - PHYSICAL DESCRIPTION | |
| Extent | xiii, 257p. |
| Dimensions | 24cm. |
| 350 ## - PRICE (NR) (BK AM CF MU VM SE) [OBSOLETE] | |
| Price | 50 |
| 490 ## - SERIES STATEMENT | |
| Series statement | Butterworth-Heinemann Finance Series |
| 520 ## - SUMMARY, ETC. | |
| Summary, etc. | A concise guide to the main derivative instruments used in financial markets, aimed at both practitioners and students. Explains how derivatives are structured, analysed, valued and hedged. Covers interest rate derivatives, credit derivatives, equity derivatives, option instruments and structured products. |
| 520 ## - SUMMARY, ETC. | |
| Summary, etc. | Accompanied by a CD-Rom that is not available for loan (L147125). |
| 650 ## - SUBJECT ADDED ENTRY--TOPICAL TERM | |
| Topical term or geographic name entry element | FINANCIAL INSTRUMENTS |
| 650 ## - SUBJECT ADDED ENTRY--TOPICAL TERM | |
| Topical term or geographic name entry element | DERIVATIVES |
| 650 ## - SUBJECT ADDED ENTRY--TOPICAL TERM | |
| Topical term or geographic name entry element | Valuation |
| 9 (RLIN) | 6273 |
| 650 ## - SUBJECT ADDED ENTRY--TOPICAL TERM | |
| Topical term or geographic name entry element | INVESTMENT |
| 650 ## - SUBJECT ADDED ENTRY--TOPICAL TERM | |
| Topical term or geographic name entry element | OPTIONS |
| 650 ## - SUBJECT ADDED ENTRY--TOPICAL TERM | |
| Topical term or geographic name entry element | SWAPS |
| 690 ## - LOCAL SUBJECT ADDED ENTRY--TOPICAL TERM (OCLC, RLIN) | |
| Topical term or geographic name as entry element | FINANCE |
| 700 ## - ADDED ENTRY--PERSONAL NAME | |
| Personal name | Choudhry, Moorad |
| 942 ## - ADDED ENTRY ELEMENTS (KOHA) | |
| Suppress in OPAC | 0 |
| Withdrawn status | Lost status | Source of classification or shelving scheme | Damaged status | Not for loan | Home library | Current library | Shelving location | Date acquired | Cost, normal purchase price | Total Checkouts | Full call number | Barcode | Date last seen | Date last checked out | Copy number | Cost, replacement price | Price effective from | Koha item type |
|---|---|---|---|---|---|---|---|---|---|---|---|---|---|---|---|---|---|---|
| Dewey Decimal Classification | London | London | Books | 05/09/2003 | 42.50 | 16 | 657.76 EAL | 30067689 | 06/08/2019 | 27/08/2009 | 1 | 42.50 | 06/08/2019 | Book |